Normal view
MARC view
- التسعيرة الجبرية- فقه اسلامي- قوانين وتشريعات
Entry Topical Term
001 - CONTROL NUMBER
- control field: 32050
003 - CONTROL NUMBER IDENTIFIER
- control field: JO-AjAnu
005 - DATE AND TIME OF LATEST TRANSACTION
- control field: 20230606075406.0
008 - FIXED-LENGTH DATA ELEMENTS
- fixed length control field: 230606|| aca||aabn | a|a d
040 ## - CATALOGING SOURCE
- Original cataloging agency: JO-AjAnu
- Transcribing agency: JO-AjAnu
150 ## - HEADING--TOPICAL TERM
- Topical term or geographic name entry element: التسعيرة الجبرية- فقه اسلامي- قوانين وتشريعات
670 ## - SOURCE DATA FOUND
- Source citation: Work cat.: (JO-AjAnu)16460: أبو العلا، يسري محمد, author 32049, سياسات التسعير في التشريع الإسلامي مقارنا بالتشريع الإقتصادي المعاصر